| 000 | 00413nam a2200169Ia 4500 | ||
|---|---|---|---|
| 005 | 20250508154023.0 | ||
| 008 | 008 250505s9999 xx 000 0 eng d | ||
| 037 | _aReference | ||
| 040 |
_aFEDL _beng _cFEDL |
||
| 041 |
_aeng _2eng |
||
| 084 |
_a136.7, NCE _qFEDL |
||
| 245 | 0 | _aChild development | |
| 245 | 0 | _cNCERT | |
| 300 | _a352p. | ||
| 942 |
_cREF _h136.7, NCE |
||
| 999 |
_c1347083 _d1347083 |
||